000 00334nam a2200133Ia 4500
005 20260328104336.0
008 260328s9999||||xx |||||||||||||| ||und||
100 _aRobertson, Donald
245 0 _aPre-Columbian Architecture /
_cDonald Robertson
260 _bPrentice-Hall
300 _a128 p.
650 _aARQUITECTOS
942 _cBK
999 _c11900
_d11900